000
00275nam a2200121Ia 4500
008
190216s9999||||xx |||||||||||||| ||und||
100
_a
Dr.Sita Vastav
245
0
_a
Hindi-Lala Lajapat Rai
260
_b
Neha Prakashan
_c
2008
300
_a
95
650
_a
Hindi
942
_c
BK
999
_c
16503
_d
16503